|
|
|
|
| LEADER |
02164nam a22003737a 4500 |
| 001 |
34238 |
| 003 |
BD-DhAAL |
| 005 |
20211109120353.0 |
| 008 |
190205t2013 si a|||| b||| 001 0 eng d |
| 999 |
|
|
|c 40162
|d 40162
|
| 020 |
|
|
|a 5800095810646
|
| 040 |
|
|
|a BD-DhAAL
|
| 082 |
|
|
|a 005.265
|2 20
|
| 100 |
|
|
|a Halim, Steven
|9 29876
|
| 245 |
|
|
|a Competitive programming 3 :
|b the new lower bound of programming contests /
|c Steven Halim and Felix Halim
|
| 250 |
|
|
|a 3rd edition
|
| 260 |
|
|
|a Singapore :
|b Lulu.com,
|c 2013
|
| 300 |
|
|
|a xxiv, 423 pages :
|b illustrations ;
|c 22 cm.
|
| 500 |
|
|
|a Cover title.
A handbook for ACM ICPC and IOI contestants 2013.
|
| 504 |
|
|
|a Includes bibliographical references (pages [398]-401).
|
| 526 |
|
|
|a CSE
|
| 541 |
|
|
|a Trim Education
|e 34238, 34239, 34240, 34241, 34242
|
| 650 |
|
|
|a Computer programming
|v Handbooks, manuals, etc.
|9 29896
|
| 650 |
|
|
|a Computer programming.
|9 29897
|
| 650 |
|
|
|a Competitive Programming.
|9 29898
|
| 650 |
|
|
|a Computer science.
|9 42477
|
| 700 |
|
|
|a Halim, Felix
|9 29899
|
| 852 |
|
|
|a Ayesha Abed Library
|c General Stacks
|
| 942 |
|
|
|2 ddc
|c BK
|
| 952 |
|
|
|0 0
|1 0
|2 ddc
|4 0
|6 005_265000000000000_HAL
|7 0
|9 64739
|a BRACUL
|b BRACUL
|c GEN
|d 2018-12-05
|e Trim Education
|g 4498.00
|l 14
|m 137
|o 005.265 HAL
|p 3010034242
|q 2026-06-02
|r 2025-12-14
|s 2025-12-14
|t 5
|v 4498.00
|w 2018-12-05
|y BK
|
| 952 |
|
|
|0 0
|1 0
|2 ddc
|4 0
|6 005_265000000000000_HAL
|7 0
|9 64785
|a BRACUL
|b BRACUL
|c GEN
|d 2018-12-09
|e Trim Education
|g 4498.00
|l 9
|m 150
|o 005.265 HAL
|p 3010034241
|q 2026-01-29
|r 2025-04-16
|s 2025-04-16
|t 4
|v 4498.00
|w 2018-12-09
|y BK
|
| 952 |
|
|
|0 0
|1 0
|2 ddc
|4 0
|6 005_265000000000000_HAL
|7 0
|9 64786
|a BRACUL
|b BRACUL
|c GEN
|d 2018-12-09
|e Trim Education
|g 4498.00
|l 10
|m 150
|o 005.265 HAL
|p 3010034238
|r 2026-01-28
|s 2026-01-18
|t 1
|v 4498.00
|w 2018-12-09
|y BK
|
| 952 |
|
|
|0 0
|1 0
|2 ddc
|4 0
|6 005_265000000000000_HAL
|7 0
|9 64787
|a BRACUL
|b BRACUL
|c GEN
|d 2018-12-09
|e Trim Education
|g 4498.00
|l 13
|m 76
|o 005.265 HAL
|p 3010034239
|r 2025-12-15
|s 2025-11-04
|t 2
|v 4498.00
|w 2018-12-09
|y BK
|
| 952 |
|
|
|0 0
|1 0
|2 ddc
|4 0
|6 005_265000000000000_HAL
|7 0
|9 64788
|a BRACUL
|b BRACUL
|c GEN
|d 2018-12-09
|e Trim Education
|g 4498.00
|l 12
|m 150
|o 005.265 HAL
|p 3010034240
|r 2025-12-14
|s 2025-09-24
|t 3
|v 4498.00
|w 2018-12-09
|y BK
|